[Event "4ème OPEN du PIC d' ANIE"]
[Site "LA PIERRE SAINT MARTIN"]
[Date "2007.08.09"]
[Round "5.2"]
[White "Galby, Vassili"]
[Black "Do, Huu-Thi"]
[Result "1/2-1/2"]
[WhiteElo "1976"]
[BlackElo "2163"]
[PlyCount "49"]
[EventDate "2007.??.??"]

1. Nf3 e6 2. c4 f5 3. g3 b6 4. Bg2 Bb7 5. O-O Be7 6. d4 d5 7. b3 Nd7 8. Bb2 c6
9. Nbd2 Nh6 10. Ne1 O-O 11. Nd3 Qe8 12. a4 Bf6 13. e3 Kh8 14. Rc1 g5 15. Ba3
Rg8 16. Bd6 Nf7 17. cxd5 exd5 18. Ba3 a5 19. Re1 Ba6 20. Nb1 Nb8 21. f4 g4 22.
Ne5 Rg7 23. Qc2 Bxe5 24. dxe5 Qe6 25. Nc3 1/2-1/2

[Event "4ème OPEN du PIC d' ANIE"]
[Site "LA PIERRE SAINT MARTIN"]
[Date "2007.08.09"]
[Round "5.3"]
[White "Martinet, Regis"]
[Black "Poey-Durut, Peio"]
[Result "1-0"]
[WhiteElo "2050"]
[BlackElo "1872"]
[PlyCount "85"]
[EventDate "2007.??.??"]

1. d4 d5 2. c4 e6 3. Nc3 Nf6 4. Nf3 Be7 5. Bg5 h6 6. Bh4 O-O 7. cxd5 exd5 8.
Qc2 c6 9. e3 Nbd7 10. Bd3 Re8 11. O-O Ne4 12. Bxe7 Qxe7 13. Rae1 f5 14. Nd2 Qg5
15. f4 Qg6 16. Nf3 Re7 17. Ne5 Nxe5 18. fxe5 Be6 19. Rf3 Qh7 20. Ref1 g5 21.
Na4 Rae8 22. Nc5 Bc8 23. g4 b6 24. Nb3 fxg4 25. Bxe4 Qxe4 26. Qxe4 dxe4 27. Rf6
Re6 28. Nd2 Rxf6 29. Rxf6 Re6 30. Nxe4 Rxf6 31. Nxf6+ Kf7 32. Kf2 Be6 33. b3 c5
34. d5 Bc8 35. Ne4 Ke7 36. Nd6 Bd7 37. Ne4 Bf5 38. Nf6 h5 39. e4 Bg6 40. d6+
Kd8 41. e6 b5 42. e7+ Kc8 43. d7+ 1-0

[Event "4ème OPEN du PIC d' ANIE"]
[Site "LA PIERRE SAINT MARTIN"]
[Date "2007.08.09"]
[Round "5.4"]
[White "Iwanesko, Alexandre"]
[Black "Cwiek, Loic"]
[Result "1/2-1/2"]
[WhiteElo "1882"]
[BlackElo "1999"]
[PlyCount "131"]

1. d4 d5 2. Nf3 Nf6 3. c4 e6 4. Nc3 c6 5. Bg5 Nbd7 6. cxd5 exd5 7. Qc2 Be7 8.
e3 O-O 9. Bd3 Re8 10. O-O Nf8 11. Rab1 g6 12. Rfc1 Ne6 13. Bxf6 Bxf6 14. b4 b6
15. b5 c5 16. Nxd5 cxd4 17. Qc6 Bb7 18. Qxb7 Nc5 19. Rxc5 bxc5 20. Qc6 Re6 21.
Nxf6+ Rxf6 22. Qxc5 dxe3 23. Bf1 exf2+ 24. Qxf2 Qb6 25. Rb2 Rc8 26. Qxb6 axb6
27. Rf2 Kf8 28. Nd4 Rxf2 29. Kxf2 Ra8 30. Be2 Rxa2 31. Nc6 Rd2 32. Ne5 Rd6 33.
Bf3 Ke7 34. Bc6 Rd8 35. Ke3 f6 36. Nc4 Rb8 37. Ke4 Ke6 38. h4 f5+ 39. Kf4 h6
40. g3 g5+ 41. hxg5 hxg5+ 42. Kf3 Ke7 43. g4 fxg4+ 44. Kxg4 Kf6 45. Nd2 Rc8 46.
Nc4 Rb8 47. Ne3 Ke5 48. Kxg5 Rg8+ 49. Kh6 Kd4 50. Nd5 Kc5 51. Nf6 Rc8 52. Ne4+
Kd4 53. Kg7 Ke5 54. Kf7 Rc7+ 55. Ke8 Ke6 56. Kd8 Rg7 57. Nc3 Kd6 58. Na4 Rg8+
59. Be8 Rg7 60. Nxb6 Rb7 61. Nc4+ Kc5 62. Na3 Ra7 63. b6 Rxa3 64. b7 Rb3 65.
Bb5 Rxb5 66. Kc7 1/2-1/2

[Event "4ème OPEN du PIC d' ANIE"]
[Site "LA PIERRE SAINT MARTIN"]
[Date "2007.08.09"]
[Round "5.5"]
[White "Boukhris-Ferre, Yacine"]
[Black "Prevot, Jean-Luc"]
[Result "0-1"]
[WhiteElo "1840"]
[BlackElo "2105"]
[PlyCount "36"]
[EventDate "2007.??.??"]

1. e4 c6 2. c4 d5 3. cxd5 cxd5 4. exd5 Nf6 5. Qa4+ Nbd7 6. Nc3 g6 7. Bc4 Bg7 8.
Nf3 O-O 9. d3 Nc5 10. Qc2 Na6 11. Bg5 Nc7 12. Bxf6 Bxf6 13. d4 b5 14. Nxb5 Nxb5
15. Bxb5 Qa5+ 16. Qc3 Qxb5 17. h4 Ba6 18. Qe3 Qxb2 0-1

[Event "4ème OPEN du PIC d' ANIE"]
[Site "LA PIERRE SAINT MARTIN"]
[Date "2007.08.09"]
[Round "5.6"]
[White "Forestie, Pierre"]
[Black "Parpinel, Mario"]
[Result "1-0"]
[WhiteElo "2140"]
[BlackElo "1840"]
[PlyCount "51"]
[EventDate "2007.??.??"]

1. e4 e5 2. Nf3 Nc6 3. Bc4 Bc5 4. Nc3 Nf6 5. d3 h6 6. Be3 Bxe3 7. fxe3 d6 8.
O-O Na5 9. Bb3 Nxb3 10. axb3 Bg4 11. Qe1 c6 12. Qg3 Rg8 13. h3 Be6 14. Nd2 Qc7
15. Rxf6 Kd7 16. Rf2 g6 17. d4 exd4 18. exd4 f5 19. d5 cxd5 20. exd5 Bf7 21.
Re2 Rae8 22. Rae1 Qc5+ 23. Qf2 Rxe2 24. Rxe2 Qa5 25. Nc4 Qc5 26. Ne5+ 1-0

[Event "4ème OPEN du PIC d' ANIE"]
[Site "LA PIERRE SAINT MARTIN"]
[Date "2007.08.09"]
[Round "5.7"]
[White "Collet, Davy"]
[Black "Cabanes, Kim"]
[Result "0-1"]
[WhiteElo "1786"]
[BlackElo "1885"]
[PlyCount "74"]
[EventDate "2007.??.??"]

1. d4 d5 2. c4 c6 3. Nc3 Nf6 4. e3 Bf5 5. cxd5 cxd5 6. Qb3 Bc8 7. Nf3 e6 8. Bd3
Be7 9. O-O O-O 10. Ne5 Nc6 11. f4 Ne8 12. Qd1 Nb4 13. Bb1 Nd6 14. a3 Nc6 15.
Qh5 f5 16. Bd3 Nxe5 17. fxe5 Ne4 18. Qd1 b6 19. Bd2 Bg5 20. Ne2 Bh6 21. Nf4 Qh4
22. Be1 Qd8 23. Qe2 a5 24. b4 Ra7 25. Rc1 g5 26. Nh5 Kh8 27. g4 Raf7 28. Qc2
Bb7 29. Bxe4 dxe4 30. Nf6 f4 31. Bd2 Bg7 32. Nxe4 Qd5 33. bxa5 bxa5 34. Rb1
Qxe4 35. Qxe4 Bxe4 36. Rb6 fxe3 37. Rxf7 exd2 0-1

[Event "4ème OPEN du PIC d' ANIE"]
[Site "LA PIERRE SAINT MARTIN"]
[Date "2007.08.09"]
[Round "5.9"]
[White "Garrel, Pascal"]
[Black "Domelevo, Jean-Baka"]
[Result "1/2-1/2"]
[WhiteElo "1709"]
[BlackElo "1951"]
[PlyCount "128"]

1. d4 Nf6 2. Nf3 g6 3. c4 Bg7 4. Nc3 d6 5. e3 O-O 6. Be2 Qe8 7. O-O e5 8. dxe5
dxe5 9. b3 e4 10. Nd4 a6 11. Ba3 Bd7 12. Bxf8 Qxf8 13. Rc1 c5 14. Nc2 Nc6 15.
Nd5 Rd8 16. Nxf6+ Bxf6 17. Bg4 Be8 18. Qe2 Ne5 19. Rcd1 Rd3 20. f4 exf3 21.
Bxf3 Rxd1 22. Qxd1 b5 23. Bb7 Qe7 24. Bxa6 bxc4 25. Bxc4 Nxc4 26. bxc4 Bg5 27.
Qd3 Bc6 28. Rd1 Be4 29. Qd2 Qa7 30. Ne1 Qa4 31. Nf3 Bxe3+ 32. Qxe3 Qxd1+ 33.
Kf2 Qc2+ 34. Qe2 f6 35. a4 Qxe2+ 36. Kxe2 Kf7 37. Ke3 Bc2 38. a5 Ke7 39. a6 Ba4
40. a7 Bc6 41. Nd2 f5 42. Kf4 Kd7 43. Nf3 Kc7 44. Kg5 Kb7 45. a8=Q+ Kxa8 46.
Kh6 Kb7 47. Kxh7 g5 48. Kg6 g4 49. Ne1 Be4 50. Kg5 Ka6 51. h4 gxh3 52. gxh3 Ka5
53. h4 Kb4 54. Kf4 Kxc4 55. h5 Bd5 56. h6 Bg8 57. Kxf5 Bh7+ 58. Kf4 Kc3 59. Ke3
c4 60. Ke2 Kb2 61. Kd1 c3 62. Ke2 Kb3 63. Kd1 Bf5 64. Kc1 Kb4 1/2-1/2

[Event "4ème OPEN du PIC d' ANIE"]
[Site "LA PIERRE SAINT MARTIN"]
[Date "2007.08.10"]
[Round "6.1"]
[White "Martinet, Regis"]
[Black "Philippe, Christophe"]
[Result "1/2-1/2"]
[WhiteElo "2050"]
[BlackElo "2368"]
[PlyCount "55"]

1. d4 Nf6 2. c4 g6 3. Nc3 d5 4. cxd5 Nxd5 5. e4 Nxc3 6. bxc3 Bg7 7. Be3 c5 8.
Rc1 Qa5 9. Qd2 cxd4 10. cxd4 Qxd2+ 11. Bxd2 O-O 12. Be3 Nc6 13. Nf3 Bg4 14. d5
Bxf3 15. gxf3 Nd4 16. Be2 Rfc8 17. Kd2 a6 18. f4 b5 19. e5 Nxe2 20. Kxe2 Kf8
21. Kd3 Ke8 22. Ke4 Kd7 23. f5 gxf5+ 24. Kxf5 e6+ 25. Ke4 exd5+ 26. Kxd5 Bf8
27. Rxc8 Rxc8 28. Rc1 1/2-1/2

[Event "4ème OPEN du PIC d' ANIE"]
[Site "LA PIERRE SAINT MARTIN"]
[Date "2007.08.10"]
[Round "6.2"]
[White "Inkiov, Ventzislav"]
[Black "Do, Huu-Thi"]
[Result "1-0"]
[WhiteElo "2503"]
[BlackElo "2163"]
[PlyCount "87"]

1. e4 c5 2. Nf3 a6 3. Nc3 e6 4. d4 cxd4 5. Nxd4 Bc5 6. Be3 d6 7. e5 dxe5 8.
Nxe6 Qxd1+ 9. Rxd1 Bxe6 10. Bxc5 Nd7 11. Bd6 Rc8 12. Be2 f5 13. O-O Ngf6 14. f4
e4 15. Rd4 Rc6 16. g4 Kf7 17. gxf5 Bxf5 18. Bc4+ Be6 19. Bxe6+ Kxe6 20. Ba3 Kf5
21. Nd5 h5 22. Ne3+ Kg6 23. Rfd1 Nb8 24. R1d2 Re8 25. h3 Kh7 26. Rh2 Rc7 27.
Rd6 Nc6 28. b3 Rd8 29. c4 Rxd6 30. Bxd6 Rd7 31. Rd2 g6 32. Rd1 Ne8 33. Bc5 Rd3
34. Rxd3 exd3 35. Nf1 Ng7 36. Kf2 g5 37. fxg5 Kg6 38. Be3 Nb4 39. Bd2 Nc2 40.
Ng3 h4 41. Ne4 Nf5 42. Kf3 Ncd4+ 43. Kf4 Kf7 44. Nf2 1-0

[Event "4ème OPEN du PIC d' ANIE"]
[Site "LA PIERRE SAINT MARTIN"]
[Date "2007.08.10"]
[Round "6.3"]
[White "Prevot, Jean-Luc"]
[Black "Forestie, Pierre"]
[Result "0-1"]
[WhiteElo "2105"]
[BlackElo "2140"]
[PlyCount "94"]

1. Nf3 d5 2. c4 d4 3. e3 c5 4. b4 g6 5. Bb2 Bg7 6. d3 e5 7. bxc5 Nc6 8. exd4
exd4 9. Nbd2 Qa5 10. Be2 Bf5 11. O-O Qxc5 12. Nb3 Qd6 13. a4 Nge7 14. Ba3 Qf6
15. a5 O-O 16. Bc5 Rad8 17. Qd2 Rfe8 18. Rfe1 h6 19. Bf1 Bg4 20. Be2 g5 21. Bd1
Nf5 22. h3 Rxe1+ 23. Qxe1 Bxf3 24. Bxf3 Nh4 25. Bd5 Ng6 26. Qe4 Nf4 27. Bxc6
Qxc6 28. Qxc6 bxc6 29. Nc1 Rd7 30. Rb1 Ne6 31. Rb8+ Kh7 32. Bb4 Be5 33. Rc8 Rb7
34. Ba3 Bf4 35. Rxc6 Rb1 36. Ra6 Bxc1 37. Bxc1 Rxc1+ 38. Kh2 Rc3 39. Rxa7 Kg7
40. Rd7 Rxd3 41. a6 Ra3 42. a7 d3 43. g3 Nc5 44. Rd5 Rxa7 45. Kg2 Rd7 46. Kf3
Rxd5 47. cxd5 Kf6 0-1

[Event "4ème OPEN du PIC d' ANIE"]
[Site "LA PIERRE SAINT MARTIN"]
[Date "2007.08.10"]
[Round "6.4"]
[White "Cwiek, Loic"]
[Black "Galby, Vassili"]
[Result "1/2-1/2"]
[WhiteElo "1999"]
[BlackElo "1976"]
[PlyCount "49"]

1. d4 Nf6 2. c4 g6 3. Nc3 Bg7 4. e4 d6 5. Nf3 O-O 6. Be2 e5 7. O-O Nc6 8. d5
Ne7 9. Ne1 Nd7 10. Nd3 f5 11. Bd2 Nf6 12. f3 f4 13. c5 g5 14. Rc1 Ng6 15. cxd6
cxd6 16. Nb5 Rf7 17. Qc2 Ne8 18. a4 h5 19. Nf2 Bf8 20. h3 Rg7 21. Nxa7 Rc7 22.
Ba5 Rxc2 23. Bxd8 Rxe2 24. Nxc8 Rxa4 25. Nd3 1/2-1/2

[Event "4ème OPEN du PIC d' ANIE"]
[Site "LA PIERRE SAINT MARTIN"]
[Date "2007.08.10"]
[Round "6.5"]
[White "Cabanes, Kim"]
[Black "Iwanesko, Alexandre"]
[Result "1/2-1/2"]
[WhiteElo "1885"]
[BlackElo "1882"]
[PlyCount "35"]

1. e4 c5 2. Nf3 e6 3. d4 cxd4 4. Nxd4 a6 5. c4 Nf6 6. Bd3 d6 7. O-O Qc7 8. Nc3
Nbd7 9. Be3 b6 10. Qe2 Be7 11. f4 Bb7 12. Bd2 Rc8 13. b3 O-O 14. Rae1 Qc5 15.
Be3 Qc7 16. Bd2 Qc5 17. Be3 Qc7 18. Bd2 1/2-1/2

[Event "4ème OPEN du PIC d' ANIE"]
[Site "LA PIERRE SAINT MARTIN"]
[Date "2007.08.10"]
[Round "6.7"]
[White "Catala, Laurent"]
[Black "Muratet, Lucas"]
[Result "1/2-1/2"]
[WhiteElo "1895"]
[BlackElo "1887"]
[PlyCount "47"]

1. e4 c5 2. Nf3 d6 3. d4 cxd4 4. Nxd4 Nf6 5. Nc3 a6 6. Bg5 e6 7. Be2 Be7 8. f4
Qc7 9. Qd3 Nbd7 10. Nb3 b5 11. Bf3 Bb7 12. O-O Rc8 13. a3 Nb6 14. Rac1 Nc4 15.
Nd1 h6 16. Bxf6 Bxf6 17. c3 O-O 18. Nd2 a5 19. Kh1 Qb6 20. Qe2 Ba6 21. Nxc4
bxc4 22. g4 Bb7 23. Ne3 Qc5 24. Rcd1 1/2-1/2

[Event "4ème OPEN du PIC d' ANIE"]
[Site "LA PIERRE SAINT MARTIN"]
[Date "2007.08.10"]
[Round "6.8"]
[White "Poey-Durut, Peio"]
[Black "Boukhris-Ferre, Yacine"]
[Result "1/2-1/2"]
[WhiteElo "1872"]
[BlackElo "1840"]
[PlyCount "47"]

1. d4 Nf6 2. Bg5 d6 3. Bxf6 exf6 4. e3 g6 5. Nf3 Bg7 6. Bd3 f5 7. Nbd2 O-O 8.
O-O Nd7 9. c3 Nf6 10. Qc2 Re8 11. Rfe1 c6 12. e4 fxe4 13. Nxe4 Nxe4 14. Rxe4
Rxe4 15. Bxe4 Qc7 16. Re1 Bd7 17. h3 Re8 18. Bd3 Rxe1+ 19. Nxe1 Be6 20. a3 c5
21. Nf3 Qb6 22. dxc5 dxc5 23. Ng5 Bd5 24. Qe2 1/2-1/2

[Event "4ème OPEN du PIC d' ANIE"]
[Site "LA PIERRE SAINT MARTIN"]
[Date "2007.08.10"]
[Round "6.13"]
[White "Blesing, Alicia"]
[Black "Soufflet, Jacques"]
[Result "1-0"]
[WhiteElo "1802"]
[BlackElo "1730"]
[PlyCount "61"]

1. e4 e6 2. d4 d5 3. exd5 exd5 4. Bd3 Bd6 5. Be3 Ne7 6. Nf3 Bf5 7. O-O Bxd3 8.
Qxd3 f6 9. Nc3 c6 10. Ne2 Ng6 11. Ng3 O-O 12. Nf5 Bf4 13. Rae1 Bxe3 14. fxe3
Re8 15. Nd2 Re6 16. h4 Qe8 17. h5 Ne7 18. Qe2 Nxf5 19. Rxf5 Nd7 20. e4 g6 21.
Qg4 Kh8 22. hxg6 hxg6 23. Kf2 g5 24. Rh1+ Kg7 25. exd5 cxd5 26. Rxd5 Nb6 27.
Rc5 Re7 28. Nf1 Rd8 29. Ng3 Rd5 30. Rxd5 Nxd5 31. Nf5+ 1-0

[Event "4ème OPEN du PIC d' ANIE"]
[Site "LA PIERRE SAINT MARTIN"]
[Date "2007.08.11"]
[Round "7.1"]
[White "Philippe, Christophe"]
[Black "Forestie, Pierre"]
[Result "1-0"]
[WhiteElo "2368"]
[BlackElo "2140"]
[PlyCount "87"]

1. e4 e5 2. Nf3 Nc6 3. Nc3 Nf6 4. d4 exd4 5. Nxd4 Bb4 6. Nxc6 bxc6 7. Bd3 h6 8.
e5 Nd5 9. Qg4 g5 10. O-O Qe7 11. Bd2 Bc5 12. Ne4 d6 13. Qh5 Nf4 14. Bxf4 gxf4
15. Nxc5 dxc5 16. Qf3 Qe6 17. Qxf4 Rg8 18. g3 Rb8 19. b3 h5 20. Rad1 Qg4 21.
Qe3 Be6 22. Be4 Kf8 23. Qxc5+ Kg7 24. Bxc6 Rbd8 25. Rxd8 Rxd8 26. Qe3 Qf5 27.
Re1 h4 28. Qe4 hxg3 29. hxg3 Qh5 30. Qh4 Qxh4 31. gxh4 Kg6 32. Kg2 Kf5 33. Kg3
Rd4 34. f3 Rd8 35. f4 Rd4 36. Bg2 Kg6 37. Be4+ Kh5 38. f5 Bc8 39. Bf3+ Kh6 40.
e6 Rd8 41. exf7 Rf8 42. Re8 Kg7 43. Bd5 Bxf5 44. h5 1-0

[Event "4ème OPEN du PIC d' ANIE"]
[Site "LA PIERRE SAINT MARTIN"]
[Date "2007.08.11"]
[Round "7.2"]
[White "Inkiov, Ventzislav"]
[Black "Martinet, Regis"]
[Result "1-0"]
[WhiteElo "2503"]
[BlackElo "2050"]
[PlyCount "63"]

1. e4 c5 2. Nf3 Nc6 3. d4 cxd4 4. Nxd4 Nf6 5. Nc3 e5 6. Ndb5 d6 7. a4 Bg4 8.
Be2 Bxe2 9. Qxe2 a6 10. Na3 Nd4 11. Qd3 d5 12. O-O Bxa3 13. Rxa3 Nxe4 14. Nxe4
dxe4 15. Qxe4 Nc6 16. Rg3 g6 17. Rd3 Qe7 18. Bh6 Rd8 19. Rfd1 Rxd3 20. Rxd3 Qe6
21. h3 f5 22. Qe3 Kf7 23. Qb6 Qe7 24. Qb3+ Ke8 25. Qc4 e4 26. Rd1 Qe5 27. c3
Ne7 28. Qb3 b5 29. axb5 axb5 30. Ra1 Kd7 31. Ra7+ Kc6 32. Bg7 1-0

[Event "4ème OPEN du PIC d' ANIE"]
[Site "LA PIERRE SAINT MARTIN"]
[Date "2007.08.11"]
[Round "7.3"]
[White "Auge, Jean"]
[Black "Cwiek, Loic"]
[Result "1/2-1/2"]
[WhiteElo "1920"]
[BlackElo "1999"]
[PlyCount "50"]

1. e4 c5 2. f4 d5 3. exd5 Qxd5 4. Qf3 Nf6 5. Nc3 Qxf3 6. Nxf3 a6 7. Na4 Nbd7 8.
Ne5 b5 9. Nxd7 Nxd7 10. Nc3 e6 11. Be2 Bb7 12. O-O Nf6 13. d3 Be7 14. Be3 Rd8
15. h3 Nd5 16. Nxd5 exd5 17. Bf3 O-O 18. Rae1 Rd7 19. g3 d4 20. Bd2 Bxf3 21.
Rxf3 f5 22. Re6 Rf6 23. Rxf6 Bxf6 24. Rf1 Re7 25. Re1 Rxe1+ 1/2-1/2

[Event "4ème OPEN du PIC d' ANIE"]
[Site "LA PIERRE SAINT MARTIN"]
[Date "2007.08.11"]
[Round "7.4"]
[White "Galby, Vassili"]
[Black "Cabanes, Kim"]
[Result "1/2-1/2"]
[WhiteElo "1976"]
[BlackElo "1885"]
[PlyCount "30"]

1. e4 c6 2. Nf3 d5 3. exd5 cxd5 4. Ne5 Nf6 5. d4 Bf5 6. Bb5+ Nbd7 7. g4 Be6 8.
Nc3 a6 9. Be2 Nxe5 10. dxe5 Ne4 11. Nxe4 dxe4 12. Qxd8+ Rxd8 13. Bf4 Rc8 14.
Bd1 g6 15. O-O Bg7 1/2-1/2

[Event "4ème OPEN du PIC d' ANIE"]
[Site "LA PIERRE SAINT MARTIN"]
[Date "2007.08.11"]
[Round "7.6"]
[White "Do, Huu-Thi"]
[Black "Boukhris, Khaled"]
[Result "1-0"]
[WhiteElo "2163"]
[BlackElo "1835"]
[PlyCount "49"]

1. d4 e6 2. e3 d5 3. Nd2 Nf6 4. f4 c5 5. c3 b6 6. Nh3 Bb7 7. Bd3 c4 8. Bc2 b5
9. O-O h5 10. Ng5 Ng4 11. Qf3 Nd7 12. e4 Ndf6 13. e5 Nxh2 14. Kxh2 Ng4+ 15. Kh3
Qd7 16. f5 O-O-O 17. fxe6 Qe7 18. Nxf7 g5 19. Qe2 Ne3 20. Qxe3 g4+ 21. Kh2 Qh4+
22. Kg1 Bh6 23. Nxh6 Rdf8 24. Rxf8+ Rxf8 25. Nf5 1-0

[Event "4ème OPEN du PIC d' ANIE"]
[Site "LA PIERRE SAINT MARTIN"]
[Date "2007.08.11"]
[Round "7.7"]
[White "Collet, Davy"]
[Black "Prevot, Jean-Luc"]
[Result "0-1"]
[WhiteElo "1786"]
[BlackElo "2105"]
[PlyCount "68"]

1. d4 d5 2. c4 c6 3. Nc3 Nf6 4. e3 g6 5. Nf3 Bg7 6. Be2 O-O 7. O-O Nbd7 8. a4
Re8 9. b4 dxc4 10. Bxc4 Nb6 11. Bd3 Bg4 12. h3 Bxf3 13. gxf3 Nfd5 14. Na2 e5
15. e4 Nf4 16. Bxf4 exf4 17. a5 Nc8 18. Nc1 Bxd4 19. Rb1 Qg5+ 20. Kh1 Qh4 21.
Kh2 Bxf2 22. Ne2 Nd6 23. Qd2 Bg3+ 24. Kg2 Rad8 25. Qc2 Re5 26. Rh1 a6 27. Qc3
Rg5 28. Kf1 Qh5 29. Ng1 Nb5 30. Bxb5 Rxb5 31. Qf6 Rd2 32. Rb2 Rxb2 33. Qxb2 c5
34. Ne2 Qxf3+ 0-1